| 000 | 00633 a2200193 4500 | ||
|---|---|---|---|
| 020 | _a1-904151-18-3 | ||
| 035 | _a(Uk)1904151183 | ||
| 040 |
_aDLC _bDLC |
||
| 082 | 0 | 4 | _a005.72 |
| 245 | 0 | 0 |
_aPractical web traffic analysis : standards, privacy, techniques, results _bstandards, privacy, techniques, results _cPeter Fletcher ... |
| 260 |
_aBirmingham : _bglasshaus, _c2002. |
||
| 300 |
_avii, 171s. ; _bill. |
||
| 650 | 0 |
_aWeb sites _xEvaluation. |
|
| 650 | 0 |
_aTelecommunication _xTraffic. |
|
| 650 | 0 |
_aWebbplatser _xutv䲤ering |
|
| 650 | 0 |
_aWebbsidor _xutv䲤ering |
|
| 700 | 1 | _aFletcher, Peter. | |
| 942 |
_cBK _k005.72 FLE _2ddc |
||
| 999 |
_c6417 _d6417 |
||